UM Logo

Bathaluman : (Record no. 1584)

MARC details
000 -LEADER
fixed length control field 00472nam a22001457a 4500
008 - FIXED-LENGTH DATA ELEMENTS--GENERAL INFORMATION
fixed length control field 160407b xxu||||| |||| 00| 0 eng d
020 ## - INTERNATIONAL STANDARD BOOK NUMBER
International Standard Book Number 971-550-490-6
082 ## - DEWEY DECIMAL CLASSIFICATION NUMBER
Edition number 2005
Classification number DFil 899.2113
Item number L23b
100 ## - MAIN ENTRY--PERSONAL NAME
9 (RLIN) 4940
Personal name Landicho, Domingo G.
245 ## - TITLE STATEMENT
Title Bathaluman :
Remainder of title at ibang kuwento/
Statement of responsibility, etc. Domingo G. Landicho.
260 ## - PUBLICATION, DISTRIBUTION, ETC. (IMPRINT)
Place of publication, distribution, etc. Quezon City:
Name of publisher, distributor, etc. Ateneo de Manila University Press,
Date of publication, distribution, etc. c2005.
300 ## - PHYSICAL DESCRIPTION
Extent 237 pages;
Dimensions 18 cm.
650 #0 - SUBJECT ADDED ENTRY--TOPICAL TERM
9 (RLIN) 4941
Topical term or geographic name as entry element Short stories, Filipino.
942 ## - ADDED ENTRY ELEMENTS (KOHA)
Source of classification or shelving scheme Dewey Decimal Classification
Koha item type Filipiniana
Holdings
Withdrawn status Lost status Source of classification or shelving scheme Damaged status Not for loan Collection code Home library Current library Date acquired Source of acquisition Total Checkouts Full call number Barcode Date last seen Price effective from Koha item type
    Dewey Decimal Classification     Filipiniana UM Digos College - LIC UM Digos College - LIC 03/21/2007 Purchased   DFil 899.2113 L23b 2005 19009 06/08/2021 04/07/2016 Filipiniana